书目信息 |
| 题名: |
奢侈品之路
|
|
| 作者: | 颂 , 布朗卡特 著 ;谢绮红 译 | |
| 分册: | ||
| 出版信息: | 北京 机械工业出版社 2016 |
|
| 页数: | 24,409页 | |
| 开本: | 24cm | |
| 丛书名: | ||
| 单 册: | ||
| 中图分类: | F724.7 | |
| 科图分类: | ||
| 主题词: | 消费品--市场营销学 | |
| 电子资源: | ||
| ISBN: | 978-7-111-53716-8 | |
| 000 | 01402nam0 2200301 450 | |
| 001 | 351574 | |
| 005 | 20161017110300.50 | |
| 010 | @a978-7-111-53716-8@b精装@dCNY99.00 | |
| 100 | @a20160712d2016 em y0chiy50 ea | |
| 101 | 1 | @achi@cfre |
| 102 | @aCN@b110000 | |
| 105 | @ay z 000yy | |
| 106 | @ar | |
| 200 | 1 | @a奢侈品之路@e顶级奢侈品品牌战略与管理@dThe road to luxury@ethe evolution, markets, and strategies of luxury brand management@f(法)阿肖克·颂(Ashok Som),(法)克里斯蒂安·布朗卡特(Christian Blanckaert)著@g谢绮红译@zeng |
| 210 | @a北京@c机械工业出版社@d2016 | |
| 215 | @a24,409页@d24cm | |
| 300 | @a奢侈品系列 | |
| 305 | @a由John Wiley & Sons公司授权出版 | |
| 330 | @a本书解读了全球顶尖奢侈品品牌所采用的多种多样的创新战略。事实上没有任何一种奢侈品战略是万能的,因为奢侈品与其所处的文化环境紧密相关。尤其是在中国,奢侈品与人们的生活方式、消费习惯以及社会意义息息相关。该书对于那些想更深入地了解全球奢侈品产业发展或想借鉴其创新经验应用于其他产业的读者来说,具有非常重要的参考价值。 | |
| 510 | 1 | @aRoad to luxury@ethe evolution, markets, and strategies of luxury brand management@zeng |
| 517 | 1 | @a顶级奢侈品品牌战略与管理 |
| 606 | 0 | @a消费品@x市场营销学 |
| 690 | @aF724.7@v5 | |
| 701 | 0 | @c(法)@a颂@c(Som, Ashok)@4著 |
| 701 | 0 | @c(法)@a布朗卡特@c(Blanckaert, Christian)@4著 |
| 702 | 0 | @a谢绮红@4译 |
| 801 | 0 | @aCN@bTANGWEI@c20160820 |
| 905 | @b0895360-4@dF724.7@e91@f5 | |
| 奢侈品之路:顶级奢侈品品牌战略与管理=The road to luxury:the evolution, markets, and strategies of luxury brand management/(法)阿肖克·颂(Ashok Som),(法)克里斯蒂安·布朗卡特(Christian Blanckaert)著/谢绮红译.-北京:机械工业出版社,2016 |
| 24,409页;24cm |
| 奢侈品系列 |
| ISBN 978-7-111-53716-8(精装):CNY99.00 |
| 本书解读了全球顶尖奢侈品品牌所采用的多种多样的创新战略。事实上没有任何一种奢侈品战略是万能的,因为奢侈品与其所处的文化环境紧密相关。尤其是在中国,奢侈品与人们的生活方式、消费习惯以及社会意义息息相关。该书对于那些想更深入地了解全球奢侈品产业发展或想借鉴其创新经验应用于其他产业的读者来说,具有非常重要的参考价值。 |
| ● |
| 相关链接 |
|
|
|
|
正题名:奢侈品之路
索取号:F724.7/91
 
预约/预借
| 序号 | 登录号 | 条形码 | 馆藏地/架位号 | 状态 | 备注 |
| 1 | 0895360 | 208953603 | 第一样本阅览室/ [索取号:F724.7/91] | 在馆 | |
| 2 | 0895361 | 208953612 | 密集书库-海洋学院/ [索取号:F724.7/91] | 在馆 | |
| 3 | 0895362 | 208953621 | 第一借阅区/ [索取号:F724.7/91] | 在馆 | |
| 4 | 0895363 | 208953630 | 第一借阅区/ [索取号:F724.7/91] | 在馆 | |
| 5 | 0895364 | 208953649 | 第一借阅区/ [索取号:F724.7/91] | 在馆 |